| 000 | 00799nam a2200241 a 4500 | ||
|---|---|---|---|
| 001 | BRL_42 | ||
| 005 | 20190320210549.0 | ||
| 008 | 910828s1971 mx-abf####---#000-0#spa-# | ||
| 041 | _aspa | ||
| 044 | _amx | ||
| 050 | 4 |
_aHD133 _b.L58 1971 |
|
| 100 | 1 |
_aLitvak King, Jaime _922731 |
|
| 245 | 1 | 0 |
_aCihuatlán y Tepecoacuilco _bprovincias tributarias de México en el siglo XVI _cJaime Litvak King. |
| 260 |
_aMéxico _bUNAM, Instituto de Investigaciones Históricas _c1971 |
||
| 300 |
_a151 p. _bil., 5 mapas plegables, 4 láminas _c21 cm. |
||
| 440 | 0 |
_aSerie Antropológica _v12 _922732 |
|
| 500 | _aAu54 | ||
| 504 | _aBibliografía: p. [135]-151 | ||
| 651 | 4 |
_aMéxico _xPolítica y gobierno _zSiglo XVI _922733 |
|
| 651 | 4 |
_aMéxico _xHistoria _zSiglo XVI _922734 |
|
| 902 | _aGRL | ||
| 942 |
_2lcc _cB |
||
| 999 |
_c8855 _d8855 |
||